Estatísticas para Capitais dos Estados do Brasil em um Mapa

Clique aqui para jogar o quiz

Estatísticas Gerais

  • Esse quiz foi jogado 1 759 vezes
  • A pontuação média é 23 de 27

Respostas no mapa

Respostas codificadas por cores de uma escala verde-vermelha no mapa do quiz de acordo com a % correta abaixo.
 

Estatísticas das Respostas

Capital% Correto
Rio de Janeiro
99%
São Paulo
98%
Brasília
93%
Manaus
93%
Belo Horizonte
91%
Salvador
91%
Goiânia
90%
Rio Branco
90%
Curitiba
89%
Florianópolis
89%
Porto Alegre
88%
Vitória
87%
Palmas
86%
Fortaleza
85%
Macapá
85%
Natal
85%
Belém
83%
Cuiabá
81%
Porto Velho
81%
Recife
80%
São Luís
79%
Campo Grande
78%
João Pessoa
77%
Maceió
75%
Teresina
75%
Aracaju
72%
Boa Vista
71%

Distribuição das Pontuações

Percentil de Números Respondidos

Porcentagem de Pessoas com Cada Pontuação

Sua Pontuação Histórica

Você não jogou esse quiz